Statistics for Dominant Formula One Seasons

Click here to take the quiz!

General Stats

  • This quiz has been taken 17 times
  • The average score is 26 of 29

Answer Stats

PercentYearNationalityDrivers% Correct
86%2023๐Ÿ‡ณ๐Ÿ‡ฑMax Verstappen
100%
72%2004๐Ÿ‡ฉ๐Ÿ‡ชMichael Schumacher
100%
50%1996๐Ÿ‡ฌ๐Ÿ‡งDamon Hill
94%
50%1957๐Ÿ‡ฆ๐Ÿ‡ทJuan Manuel Fangio
94%
67%1954๐Ÿ‡ฆ๐Ÿ‡ทJuan Manuel Fangio
94%
57%1955๐Ÿ‡ฆ๐Ÿ‡ทJuan Manuel Fangio
94%
53%2015๐Ÿ‡ฌ๐Ÿ‡งLewis Hamilton
94%
52%2018๐Ÿ‡ฌ๐Ÿ‡งLewis Hamilton
94%
58%2014๐Ÿ‡ฌ๐Ÿ‡งLewis Hamilton
94%
65%2020๐Ÿ‡ฌ๐Ÿ‡งLewis Hamilton
94%
52%2019๐Ÿ‡ฌ๐Ÿ‡งLewis Hamilton
94%
68%2022๐Ÿ‡ณ๐Ÿ‡ฑMax Verstappen
94%
53%1995๐Ÿ‡ฉ๐Ÿ‡ชMichael Schumacher
94%
65%2002๐Ÿ‡ฉ๐Ÿ‡ชMichael Schumacher
94%
50%1994๐Ÿ‡ฉ๐Ÿ‡ชMichael Schumacher
94%
53%2001๐Ÿ‡ฉ๐Ÿ‡ชMichael Schumacher
94%
53%2000๐Ÿ‡ฉ๐Ÿ‡ชMichael Schumacher
94%
50%1998๐Ÿ‡ซ๐Ÿ‡ฎMika Hรคkkinen
94%
68%2013๐Ÿ‡ฉ๐Ÿ‡ชSebastian Vettel
94%
58%2011๐Ÿ‡ฉ๐Ÿ‡ชSebastian Vettel
94%
75%1952๐Ÿ‡ฎ๐Ÿ‡นAlberto Ascari
88%
56%1953๐Ÿ‡ฎ๐Ÿ‡นAlberto Ascari
88%
50%1988๐Ÿ‡ง๐Ÿ‡ทAyrton Senna
88%
56%1992๐Ÿ‡ฌ๐Ÿ‡งNigel Mansell
88%
50%1960๐Ÿ‡ฆ๐Ÿ‡บJack Brabham
81%
55%1971๐Ÿ‡ฌ๐Ÿ‡งJackie Stewart
81%
55%1969๐Ÿ‡ฌ๐Ÿ‡งJackie Stewart
81%
60%1965๐Ÿ‡ฌ๐Ÿ‡งJim Clark
81%
70%1963๐Ÿ‡ฌ๐Ÿ‡งJim Clark
81%

Score Distribution

Percentile by Number Answered

Percent of People with Each Score

Your Score History

You have not taken this quiz